| 000 | 00376cam a22001337a 4500 | ||
|---|---|---|---|
| 008 | 180718b2002 xxu||||| |||| 00| 0 eng d | ||
| 020 | _a9990397007 | ||
| 082 | _aA6x 455D885 | ||
| 100 | _aDukhira, Chit | ||
| 245 |
_aHisory of Mauritius: experiments in democracy _cby Chit Dukhira |
||
| 260 |
_aMauritius _bThe Author _c2002 |
||
| 300 | _a311p. | ||
| 650 | _aMauritius --History. | ||
| 999 |
_c493569 _d493569 |
||